kto był mistrzem polski na żużlu - Statystyki

Ogólne statystyki
  • Ten quiz został rozwiązany 51 razy
  • Średni wynik to 8 z 25
Answers on the Grid
Answers color-coded by a green-red scale on the quiz's grid according to % correct below.
Patryk Dudek
Tomasz Gollob
Janusz Kołodziej
Tomasz Gapiński
Przemysław Pawlicki
Jarosław Hampel
Zenon Plech
Wiktor Przyjemski
Jacek Gollob
Dominik Kubera
Mieczysław Woźniak
Henryk Żyto
Krzysztof Kasprzak
Krzysztof Buczkowski
Grzegorz Walasek
Edward Jancarz
Wiesław Jaguś
Sławomir Dudek
Andrzej Wyglenda
Jan Paluch
Oskar Paluch
Florian Kapała
Damian Baliński
Maciej Janowski
Sebastian Ułamek
Piotr Świst
Sławomir Drabik
Rune Holta
Jerzy Szczakiel
Stanisław Tkocz
Rafał Dobrucki
Rafał Okoniewski
Roman Jankowski
Andrzej Huszcza
Zenon Kasprzak
Sebastian Madej
Piotr Wardzała
Antoni Woryna
Marek Cieślak
Adam Skórnicki
Robert Miśkowiak
Piotr Pawlicki
Robert Kościecha
Marcin Jędrzejewski
Jarosław Olszewski
Robert Słaboń
Marian Kaiser
Włodzimierz Szwenderowski
Jacek Krzyżaniak
Mteusz Cierniak
 
Statystyki odpowiedzi
Odpowiedź % Poprawnych
Tomasz Gollob
92%
Jarosław Hampel
76%
Janusz Kołodziej
68%
Jacek Gollob
60%
Patryk Dudek
60%
Edward Jancarz
44%
Grzegorz Walasek
44%
Krzysztof Kasprzak
40%
Maciej Janowski
40%
Zenon Plech
40%
Sławomir Drabik
32%
Rune Holta
28%
Henryk Żyto
24%
Adam Skórnicki
20%
Andrzej Huszcza
16%
Roman Jankowski
16%
Andrzej Wyglenda
12%
Antoni Woryna
12%
Jacek Krzyżaniak
12%
Piotr Pawlicki
12%
Zenon Kasprzak
12%
Florian Kapała
8%
Stanisław Tkocz
8%
Marian Kaiser
4%
Włodzimierz Szwenderowski
0%
Nie znaleziono quizów pasujących do podanych kryteriów
Rozkład punktacji
Procent ludzi z każdym wynikiem
Percentyl według liczby udzielonych odpowiedzi
Twoja historia wyników
Nie rozwiązałeś tego quizu